000 00525nmm a2200169Ia 4500
008 251105s9999||||xx |||||||||||||||||und||
020 _a9789681679132
041 _aspa
100 _ade la Madrid Hurtado, Miguel
245 0 _aUna mirada hacia el futuro
264 _a[México D.C., Mexico] :
_bFondo de Cultura Económica,
_c2013
300 _a188 páginas
490 _aVida y Pensamiento de México
650 _aPolitical Science (General)
856 _uhttps://public.digitaliapublishing.com/a/43326
942 _cCF
999 _c97063
_d97063